Accidentes de Trabajo y Enfermadades Profesionales /
Guardado en:
| Autor Principal: | |
|---|---|
| Formato: | Libro |
| Idioma: | Spanish |
| Publicado: |
Buenos Aires :
La Ley,
1987
|
| Etiquetas: |
Agregar Etiqueta
Sin Etiquetas, Sea el primero en etiquetar este registro!
|
| LEADER | 00444nam a22001335a 4500 | ||
|---|---|---|---|
| 001 | DER.der012322 | ||
| 005 | 20190531125609.0 | ||
| 008 | 180615s1987####ag#||||||||||||||#||spa|| | ||
| 020 | |a 950-527-032-1 | ||
| 100 | 1 | |a Alvarez Chávez, Víctor Hugo | |
| 245 | 1 | 0 | |a Accidentes de Trabajo y Enfermadades Profesionales / |c Víctor Hugo Alvarez Chávez |
| 260 | |a Buenos Aires : |b La Ley, |c 1987 | ||
| 300 | |a 665 p. | ||
| 859 | |a DERECHO |b BIB. DERECHO |h 346.032 |i ALV |k 24 D |p 007113 | ||
